000 01126nam a22003251a 4500
001 2618969
005 20170715020003.0
008 980813s1999 paua b 001 0 eng d
010 _a98087591
020 _a1566767016
035 _a(OCoLC)40584411
040 _aOCoLC-P
_cOCoLC-P
_dDLC
042 _alccopycat
050 0 0 _aLB2805
_b.P288 1999
082 0 0 _aLB 2805.P288
_221
100 1 _aPalestini, Robert H.
245 1 0 _aEducational administration : leading with mind and heart /
_cRobert H. Palestini.
_h[Text]
260 _aLancaster, Pa.
_bTechnomic Pub. Co.
_cc1999
300 _axiv, 288 p. : ill. ; 24 cm.
504 _aIncludes bibliographical references and index.
650 0 _aSchool management and organization.
650 0 _aEducational leadership
906 _a7
_bcbc
_ccopycat
_d2
_eopcn
_f19
_gy-gencatlg
920 _a** LC HAS REQ'D # OF SHELF COPIES **
922 _aco
991 _bc-GenColl
_hLB2805
_i.P288 1999
_tCopy 1
_wBOOKS
942 0 0 _086
999 _c35172
_d35172